A study of "localization" of Japanese firms in Singapore /
Saved in:
| Main Author: | |
|---|---|
| Format: | Thesis Book |
| Language: | English |
| Published: |
1991.
|
| Subjects: | |
| Tags: |
Add Tag
No Tags, Be the first to tag this record!
|
| LEADER | 00764cam a2200229 a 4500 | ||
|---|---|---|---|
| 001 | u219635 | ||
| 003 | SIRSI | ||
| 008 | 920725s1991 si v 00 1 eng m | ||
| 035 | |a ABA-1550 | ||
| 040 | |a UMM | ||
| 090 | |a HG5750.67 |b A3Fuj | ||
| 100 | 1 | 0 | |a Fujimoto, Tetsuya. |
| 245 | 1 | 2 | |a A study of "localization" of Japanese firms in Singapore / |c by Tetsuya Fujimoto. |
| 260 | |c 1991. | ||
| 300 | |a vi, 97 leaves ; |c 30 cm. | ||
| 502 | |a Dissertation (M.B.A.) -- National University of Singapore, 1991. | ||
| 504 | |a Bibliography: leaves 61-63. | ||
| 650 | 0 | |a Corporation, Japanese |z Singapore. | |
| 650 | 0 | |a Technology transfer |z Singapore. | |
| 948 | |a 25/07/1992 |b 17/08/1998 | ||
| 596 | |a 1 | ||
| 999 | |a F HG5750.67 A3FUJ |w LC |c 1 |i A011061513 |l STACKS |m P01UTAMA |r Y |s Y |t TESIS |u 30/7/1992 | ||
